Effect of Microbial Biofertilization on Reducing Chemical Fertilizers, Vegetative Growth, Nutritional Status, Yield and Fruit Quality of Apple (Record no. 50694)

MARC details
000 -LEADER
fixed length control field 02520cab a2200325Ia 45 0
001 - CONTROL NUMBER
control field u197758
003 - CONTROL NUMBER IDENTIFIER
control field SIRSI
008 - FIXED-LENGTH DATA ELEMENTS--GENERAL INFORMATION
fixed length control field 120103s2005 ua ss b eng d
040 ## - CATALOGING SOURCE
Original cataloging agency EAL
041 ## - LANGUAGE CODE
Language code of text/sound track or separate title eng
Language code of summary or abstract ara
090 ## - LOCALLY ASSIGNED LC-TYPE CALL NUMBER (OCLC); LOCAL CALL NUMBER (RLIN)
Classification number (OCLC) (R) ; Classification number, CALL (RLIN) (NR) ART AJARX V50 No3 14
100 1# - MAIN ENTRY--PERSONAL NAME
Personal name M. A. Gabr
240 10 - UNIFORM TITLE
Uniform title Alexandria journal of agricultural research, 2005 v. 50 (3)
Medium [electronic resource].
245 10 - TITLE STATEMENT
Title Effect of Microbial Biofertilization on Reducing Chemical Fertilizers, Vegetative Growth, Nutritional Status, Yield and Fruit Quality of Apple
Medium [electronic resource].
246 15 - VARYING FORM OF TITLE
Title proper/short title تأثير بعض المخصبات الميكروبية على خفض استخدام الاسمدة المعدنية والنمو الخضرى والحالة الغذائية والمحصول وجودة ثمار التفاح.
300 ## - PHYSICAL DESCRIPTION
Extent P. 121-129.
504 ## - BIBLIOGRAPHY, ETC. NOTE
Bibliography, etc. note Includes references.
520 ## - SUMMARY, ETC.
Summary, etc. Microbial inoculum contained main organisms (beat-based): Azotobacter spp. and Bacillus megatherium which found in ‘Biogein’, ‘Rhizobacterein’, ‘Phosphorein’ and arbuscular mycorrhizal (AM) fungi were used to reduce the recommended dose of nitrogenous and phosphoric fertilizers of "Anna" apple trees. The treated trees were seven years old budded on MM. 106 rootstock grown on sandy soil at Elbostan district under drip fertigation system during two successive seasons (2003 and 2004) to investigate the influence of the microbial biofertilization on tree growth, yield and fruit quality. The treatments were 100% of recommended mineral fertilizers dose/tree without microbial biofertilization (control) and 100% (F1), 50%(F2) , 25% (F3) of recommended mineral fertilizers dose plus microbial fertilizers. shoot length, leaf area and leaf dry weight of treated trees with microbial biofertilization were significantly increased. while, specific leaf weight (SLW) was not statistically affected with any treatment. also, chlorophyll a, chlorophyll b and total chlorophyll content of the leaf recorded significant increases compared with uninoculated control trees.
546 ## - LANGUAGE NOTE
Language note Summary in Arabic.
596 ## -
-- 1
650 #0 - SUBJECT ADDED ENTRY--TOPICAL TERM
Topical term or geographic name entry element Apples
General subdivision Quality.
650 #0 - SUBJECT ADDED ENTRY--TOPICAL TERM
Topical term or geographic name entry element Apples
General subdivision Fertilizers.
650 #0 - SUBJECT ADDED ENTRY--TOPICAL TERM
Topical term or geographic name entry element Biofertilizers.
650 #0 - SUBJECT ADDED ENTRY--TOPICAL TERM
Topical term or geographic name entry element Apples
General subdivision Yields.
650 #0 - SUBJECT ADDED ENTRY--TOPICAL TERM
Topical term or geographic name entry element Chemical fertilizers
650 #0 - SUBJECT ADDED ENTRY--TOPICAL TERM
Topical term or geographic name entry element Mineral fertilizers.
700 1# - ADDED ENTRY--PERSONAL NAME
Personal name El-Dein, M. Nour.
773 0# - HOST ITEM ENTRY
Title Alexandria Journal of Agricultural Research.
Related parts 2005.v.50(3)
International Standard Serial Number 0044-250
Control subfield nnas
Record control number u158486
856 40 - ELECTRONIC LOCATION AND ACCESS
Uniform Resource Identifier <a href="http://nile.enal.sci.eg/EALE/2005/AJARX/5005/3/121.pdf">http://nile.enal.sci.eg/EALE/2005/AJARX/5005/3/121.pdf</a>
Public note Full text Article.
942 ## - ADDED ENTRY ELEMENTS (KOHA)
Koha item type Articles
Source of classification or shelving scheme Library of Congress Classification

No items available.


Home | About ENAL | Collections | Services | Activities | Calendar | Contact us

7 Nadi El Sayed St., Giza, Egypt | Phone:02-33351121 +02-33351313 | 
| Email: enalegypt@gmail.com